Aerial photography - its role in farm management (Record no. 697)

MARC details
000 -LEADER
fixed length control field 00694cab a2200193 4500
001 - CONTROL NUMBER
control field ABS36969
008 - FIXED-LENGTH DATA ELEMENTS--GENERAL INFORMATION
fixed length control field 090401t1986 xxu||||| |||| 00| 0 eng d
035 ## - SYSTEM CONTROL NUMBER
System control number (Sirsi) u1278
041 ## - LANGUAGE CODE
Language code of text/sound track or separate title eng
100 ## - MAIN ENTRY--PERSONAL NAME
Personal name Blakeman, R.H.
245 ## - TITLE STATEMENT
Title Aerial photography - its role in farm management
260 ## - PUBLICATION, DISTRIBUTION, ETC.
Date of publication, distribution, etc. 1986
350 ## - PRICE (NR) (BK AM CF MU VM SE) [OBSOLETE]
Price 0
490 ## - SERIES STATEMENT
Series statement Farm Management
Volume/sequential designation 6 (3) Autumn 1986, 113-117 (5)
520 ## - SUMMARY, ETC.
Summary, etc. Describes how aerial photography can aid farm management in such areas as monitoring crop growth, soil analysis, crop spraying and fertiliser application. Also looks at the services offered by the ADAS Aerial Photography Unit .
690 ## - LOCAL SUBJECT ADDED ENTRY--TOPICAL TERM (OCLC, RLIN)
Topical term or geographic name as entry element RURAL PRACTICE
942 ## - ADDED ENTRY ELEMENTS (KOHA)
Suppress in OPAC 0
948 ## - LOCAL PROCESSING INFORMATION (OCLC); SERIES PART DESIGNATOR (RLIN)
c (OCLC) 04/03/1997
Holdings
Withdrawn status Lost status Source of classification or shelving scheme Damaged status Not for loan Home library Current library Shelving location Date acquired Total Checkouts Full call number Barcode Date last seen Copy number Price effective from Koha item type
    Dewey Decimal Classification     London London Journal article 14/09/1999   ABS36969 1278-1001 06/08/2019 1 06/08/2019 Journal article